000 01811nam a22004097a 4500
001 12106161
003 OSt
005 20210414083953.0
008 000714m20009999nyua 001 0 eng
010 _a 00059634
020 _a0525945725 (v. 1 : alk. paper)
020 _a0525946233 (v. 2 : alk. paper)
020 _a0525947736 (v. 3 : alk. paper)
040 _aDLC
_cDLC
_dDLC
_beng
041 _aeng
042 _apcc
050 0 0 _aBF431
_b.N67 2000
080 _a821.111
_bN-82
082 0 0 _a081
_221
100 1 _aNorthcutt, Wendy.
245 1 4 _aThe Darwin awards / Volume I
_cEvolution in Action
_b/ by: A Plume Book
260 _aNew York
_bA Plume Book
_cc2000-<c2003>
300 _av. <1-3> : vol. 1 - 327 p. vol. 2 - 240 p. vol. 3 - 252 p.
_bill.
_c20 cm.
365 _b13 usd
500 _aIncludes index.
505 1 _a[1] Evolution in action -- 2. Unnatural selection -- 3. Survival of the fittest.
650 0 _aStupidity
_vAnecdotes.
650 0 _aEnglish literature
_9254
653 _aინგლისური ლიტერატურა
856 4 1 _3Sample text
_uhttp://www.loc.gov/catdir/enhancements/fy0719/00059634-s.html
856 4 2 _3Contributor biographical information
_uhttp://www.loc.gov/catdir/enhancements/fy0719/00059634-b.html
856 4 2 _3Publisher description
_uhttp://www.loc.gov/catdir/enhancements/fy0719/00059634-d.html
856 4 1 _3Table of contents only
_uhttp://www.loc.gov/catdir/enhancements/fy0719/00059634-t.html
906 _a7
_bcbc
_corignew
_d1
_eocip
_f20
_gy-gencatlg
942 _2udc
_cBK
999 _c2200
_d2200